000 00579nam a2200205 4500
003 OSt
005 20260530113907.0
008 260513b |||||||| |||| 00| 0 eng d
020 _a0394730631
040 _aICI
_bspa
_cICI
050 _aTT194
_b.M4
100 1 _aMeadmore, Clement
_932938
245 1 0 _aHow to Make Furniture Wthout Tools
264 1 _bPantheon Books NY House & Garden Book
_c1975
_aEstados Unidos de América
300 _a118 páginas
336 _atexto
_2rdacontent
337 _asin medio
_2rdamedia
338 _avolumen
_2rdacarrier
942 _2lcc
_cBK
_n1
999 _c11997
_d11997